00634nam a2200193Ia 4500008004100000020001800041082001600059100002100075245005300096250000800149260004100157300003000198500001900228600002700247650001500274942000700289952012900296999001500425240925s9999 xx 000 0 und d a9788177586435 a621.3815FLO aFloyd, Thomas L. 0aElectronic Devices: Conventional Current Version a7th aNew Delhi:bTata McGraw Hillc,2008. axxvii,530p.bNAfOriginal aIncludes Index aEngineering Technology aTechnology cBK 001040708ETaUITUbUITUd2007-01-26eFair Book Centerg550.00l0o621.3815FLOpQ6897r2024-09-25 07:14:24w2024-09-25yBK c9396d9396